Catálogo
 En Linea

A la memoria de Román Franco Fondeur con motivo del 72 aniversario de su nacimiento 1920-1992 / (Registro nro. 21101)

Detalles MARC
000 -CABECERA
campo de control de longitud fija 00994nam a2200265 i 4500
001 - NÚMERO DE CONTROL
campo de control 000021602
003 - IDENTIFICADOR DEL NÚMERO DE CONTROL
campo de control DO-SdBNP
005 - FECHA Y HORA DE LA ÚLTIMA TRANSACCIÓN
campo de control 20240524155212.0
007 - CAMPO FIJO DE DESCRIPCIÓN FÍSICA--INFORMACIÓN GENERAL
campo de control de longitud fija ta
008 - DATOS DE LONGITUD FIJA--INFORMACIÓN GENERAL
campo de control de longitud fija 100909s1992 dr ac r 001 0 spa d
040 ## - FUENTE DE LA CATALOGACIÓN
Centro catalogador/agencia de origen DO-SdBNP
Lengua de catalogación spa
Centro/agencia transcriptor BNPHU
Normas de descripción rda
082 #4 - NÚMERO DE LA CLASIFICACIÓN DECIMAL DEWEY
Número de clasificación 923.8
Número de documento/Ítem F825m
Número de edición 22
245 00 - MENCIÓN DE TÍTULO
Título A la memoria de Román Franco Fondeur con motivo del 72 aniversario de su nacimiento 1920-1992 /
Mención de responsabilidad, etc. editor, Teófilo A. Gutiérrez.
264 ## - PRODUCCIÓN, PUBLICACIÓN, DISTRIBUCIÓN, FABRICACIÓN Y COPYRIGHT
Producción, publicación, distribución, fabricación y copyright Santiago de los Caballeros, República Dominicana :
Nombre del de productor, editor, distribuidor, fabricante Teófilo,
Fecha de producción, publicación, distribución, fabricación o copyright 1992.
300 ## - DESCRIPCIÓN FÍSICA
Extensión 148 páginas :
Otras características físicas ilustraciones, retratos ;
Dimensiones 22 cm.
336 ## - TIPO DE CONTENIDO
Fuente rdacontent
Término de tipo de contenido texto
Código de tipo de contenido txt
337 ## - TIPO DE MEDIO
Fuente rdamedia
Nombre/término del tipo de medio sin mediación
Código del tipo de medio n
338 ## - TIPO DE SOPORTE
Fuente rdacarrier
Nombre/término del tipo de soporte volumen
Código del tipo de soporte nc
590 ## - NOTA LOCAL (RLIN)
Nota local Inventariado, 2024/BT
600 14 - PUNTO DE ACCESO ADICIONAL DE MATERIA--NOMBRE DE PERSONA
Nombre de persona Franco Fondeur, Román,
Fechas asociadas al nombre 1920-1992,
Subdivisión general Homenaje Póstumos
9 (RLIN) 44969
650 #4 - PUNTO DE ACCESO ADICIONAL DE MATERIA--TÉRMINO DE MATERIA
Término de materia o nombre geográfico como elemento de entrada Periodistas
Subdivisión geográfica República Dominicana
9 (RLIN) 33
700 1# - PUNTO DE ACCESO ADICIONAL--NOMBRE DE PERSONA
Nombre de persona Gutiérrez, Teófilo A.,
Término indicativo de función/relación editor
9 (RLIN) 44970
910 ## - DATOS DE OPCIÓN DEL USUARIO (OCLC)
Datos de opción del usuario Validado. Control de calidad EMS
942 ## - ELEMENTOS DE PUNTO DE ACCESO ADICIONAL (KOHA)
Fuente del sistema de clasificación o colocación Dewey Decimal Classification
Tipo de ítem Koha Libro
Existencias
Estado de retiro Estado de pérdida Fuente del sistema de clasificación o colocación Restricciones de uso No para préstamo Código de colección Localización permanente Ubicación/localización actual Ubicación en estantería Fecha de adquisición Total de préstamos Signatura topográfica completa Código de barras Fecha visto por última vez Número de copia Precio válido a partir de Tipo de ítem Koha Fuente de adquisición Nota pública
    Dewey Decimal Classification Préstamo en sala   Dominicana de Servicio Biblioteca Nacional Pedro Henríquez Ureña Biblioteca Nacional Pedro Henríquez Ureña Depósito 09.09.2010   BNPHU DS 923.8 F825m 21602-30 25.06.2020 e. 3 25.06.2020 Libro    
    Dewey Decimal Classification Excluido de préstamo   Patrimonio Dominicano Biblioteca Nacional Pedro Henríquez Ureña Biblioteca Nacional Pedro Henríquez Ureña Depósito 09.09.2010   BNPHU PD 923.8 F825m 21602-10 25.06.2020   25.06.2020 Libro    
    Dewey Decimal Classification Excluido de préstamo   Patrimonio Dominicano Biblioteca Nacional Pedro Henríquez Ureña Biblioteca Nacional Pedro Henríquez Ureña Depósito 09.09.2010   BNPHU PD 923.8 F825m 21602-20 25.06.2020 e. 2 25.06.2020 Libro    
    Dewey Decimal Classification Préstamo en sala   Dominicana de Servicio Biblioteca Nacional Pedro Henríquez Ureña Biblioteca Nacional Pedro Henríquez Ureña Depósito 24.05.2024   BNPHU DS 923.8 F825m 2024-3144 24.05.2024 e.4 24.05.2024 Libro Donación Perteneció a la biblioteca personal de Emilio Cordero Michel.

Con tecnología Koha